Statistiques concernant ULTRA - Booba

Cliquez ici pour prendre le quiz!

Statistiques générales

  • Ce quiz a été pris 34 fois
  • Le résultat moyen est 10 sur 14

Statistiques - réponses

Titres% Correct
5 - (ft. JSX)Mona Lisa
94%
12Ultra
90%
13 - (ft. Elia)Grain de sable
87%
14 - (ft. Bramsito)Dernière fois
84%
10 - (ft. Maes)VVV
77%
1GP
74%
4 - (ft. SDM)Bonne journée
71%
8 - (ft. Dala)Vue sur la mer
71%
75G
68%
9L'olivier
61%
2Azerty
55%
3RST
48%
11 - (ft. Gato)31
42%
6Je sais
42%

Distribution des résultats

Percentile par nombre de réponses

% des personnes avec chaque résultat

Votre développement - résultats

Vous n’avez pas pris ce quiz